000 02933cam a2200565 i 4500
001 ocn935495282
003 OCoLC
005 20200320204014.0
008 160119s2017 mnua j b 001 0 eng
010 _a 2016002425
019 _a957387491
020 _a9781632352675
_q(library bound ;
_qalk. paper)
020 _a1632352672
_q(library bound ;
_qalk. paper)
020 _a9781632353177
_q(pbk. ;
_qalk. paper)
020 _a1632353172
_q(pbk. ;
_qalk. paper)
020 _c21.95
035 _a(OCoLC)935495282
_z(OCoLC)957387491
040 _aDLC
_beng
_erda
_cDLC
_dOCLCF
_dBTCTA
_dBDX
_dYDX
_dIHX
_dDEL
_dOCLCO
_dEHH
_dOCLCQ
_dWACOL
042 _apcc
043 _aa-vt---
_an-us---
049 _aWACL
050 0 0 _aDS557.7
_b.S497 2017
082 0 0 _a959.704/3
_223
092 _aJ959.7
_bShe
100 1 _aSherman, Jill,
_eauthor.
_95711597
245 1 4 _aThe Vietnam War :
_b12 things to know /
_cby Jill Sherman.
246 3 _aVietnam War, twelve things to know
264 1 _aMankato, MN :
_b12-Story Library,
_c[2017]
300 _a32 pages :
_billustrations ;
_c24 cm.
336 _atext
337 _aunmediated
338 _avolume
490 0 _aAmerica at war
504 _aIncludes bibliographical references and index.
505 0 _aNations fight for control of Indochina colonies -- Ho Chi Minh establishes a communist Vietnam -- US presidents follow Truman Doctrine -- Tonkin Incident prompts Johnson to military action -- Unique tactics and technologies used in Vietnam -- US sustains assault on North Vietnam -- Viet Cong go underground -- North Vietnam launches the Tet Offensive -- Anti-war movement grows in the united states -- Saigon falls to the North Vietnamese -- Vietnam War is considered a US loss -- As Vietnam recovers, refugees flee -- Key dates.
521 0 _aGrades 4-6.
520 _a"Takes readers on a historical journey with 12 engaging chapters about the Vietnam War. With colorful spreads featuring the wars critical moments, key players, and lasting effects paired with interesting sidebars, questions to consider, and a timeline, the book provides a holistic view of the event."--Amazon.com.
650 0 _aVietnam War, 1961-1975
_vJuvenile literature.
_95942900
611 2 7 _aVietnam War (1961-1975)
_2fast
_0(OCoLC)fst01431664
_95712891
648 7 _a1961-1975
_2fast
_95712892
655 7 _aJuvenile works.
_2fast
_0(OCoLC)fst01411637
_95673941
776 0 8 _iOnline version:
_aSherman, Jill.
_tVietnam War.
_dMankato, MN : 12-Story Library, [2016]
_z9781621434368
_w(DLC) 2016002587
938 _aBrodart
_bBROD
_n118119605
938 _aBaker and Taylor
_bBTCP
_nBK0018653315
938 _aYBP Library Services
_bYANK
_n13136831
942 _cBOOK
_01
948 _a05/19/2017
_zSirsi
994 _aC0
_bWACOL
996 _a140541
_b34301001499310
_cJNF
_dbk
_ewcl
_fi
_g1
_h21.95
_llookout
_m959.7 She
_p05/19/2017
_q04/09/2018
_r03/20/2018
999 _c301005
_d301004